Building Information Modelling and the value dimension (Record no. 115495)

MARC details
000 -LEADER
fixed length control field 01416cad a2200265 4500
001 - CONTROL NUMBER
control field L158762
008 - FIXED-LENGTH DATA ELEMENTS--GENERAL INFORMATION
fixed length control field 100215n2015 000 0 eng u
035 ## - SYSTEM CONTROL NUMBER
System control number (Sirsi) u158762
041 ## - LANGUAGE CODE
Language code of text/sound track or separate title eng
110 2# - MAIN ENTRY--CORPORATE NAME
Corporate name or jurisdiction name as entry element Royal Institution of Chartered Surveyors
9 (RLIN) 4900
245 00 - TITLE STATEMENT
Title Building Information Modelling and the value dimension
260 ## - PUBLICATION, DISTRIBUTION, ETC.
Place of publication, distribution, etc. London
Name of publisher, distributor, etc. RICS
Date of publication, distribution, etc. 2015
490 #0 - SERIES STATEMENT
Series statement RICS Research
520 ## - SUMMARY, ETC.
Summary, etc. Addresses how BIM can support the activities and professional services delivered by property professionals. This report identifies the data types and needs most significant to property professionals? and maps these across the property lifecycle. It then evaluates the extent to which this data is generated in Architecture Engineering and Construction focused BIM deliverables. Following on from this the research looks at issues around training and education for property professionals along with the ways in which BIM can be integrated into property education.
650 24 - SUBJECT ADDED ENTRY--TOPICAL TERM
Topical term or geographic name entry element BUILDING INFORMATION MODELLING
650 24 - SUBJECT ADDED ENTRY--TOPICAL TERM
Topical term or geographic name entry element PROPERTY LIFECYCLE
650 24 - SUBJECT ADDED ENTRY--TOPICAL TERM
Topical term or geographic name entry element DATA GATHERING
650 24 - SUBJECT ADDED ENTRY--TOPICAL TERM
Topical term or geographic name entry element TRAINING AND EDUCATION
651 #4 - SUBJECT ADDED ENTRY--GEOGRAPHIC NAME
Geographic name United Kingdom
690 ## - LOCAL SUBJECT ADDED ENTRY--TOPICAL TERM (OCLC, RLIN)
Topical term or geographic name as entry element BIM
9 (RLIN) 6219
700 1# - ADDED ENTRY--PERSONAL NAME
Personal name Wilkinson, Sara J.
700 1# - ADDED ENTRY--PERSONAL NAME
Personal name Japp, Julie
856 48 - ELECTRONIC LOCATION AND ACCESS
Uniform Resource Identifier <a href="https://www.rics.org/profession-standards/knowledge-and-information-services/document-delivery-and-o">https://www.rics.org/profession-standards/knowledge-and-information-services/document-delivery-and-o</a>
Public note email [email protected] to request a copy
942 ## - ADDED ENTRY ELEMENTS (KOHA)
Suppress in OPAC 0
Source of classification or shelving scheme Dewey Decimal Classification
Holdings
Withdrawn status Lost status Damaged status Not for loan Home library Current library Shelving location Date acquired Total Checkouts Full call number Date last seen Copy number Price effective from Koha item type
        Archives Archives RICS Boxes 08/11/2023   RICS 2015/23 08/11/2023   08/11/2023 Reference material
        Virtual Virtual Online 14/07/2015   SCAN 08/11/2023 1 06/08/2019 Reference material